Southville International School and Colleges
Your cart is empty.
  • Cart
  • Lists
    Public lists Eva Luna New books Lux_list list_1
    Your lists Log in to create your own lists
  • Log in to your account
  • Your cookies
  • Search history
Southville International School and Colleges
  • Advanced search
  • Recent comments
  • Most popular
  • Libraries

Log in to your account

Log in with GOOGLE


If you do not have an external account, but do have a local account, you can still log in:

  1. Home
  2. MARC view: The making of a leader /
Normal view MARC view ISBD view

The making of a leader / (Record no. 580)

[ view plain ]
MARC details
000 -LEADER
fixed length control field 00811nam a2200277 a 4500
001 - CONTROL NUMBER
control field 3344079
003 - CONTROL NUMBER IDENTIFIER
control field OSt
005 - DATE AND TIME OF LATEST TRANSACTION
control field 20140310181633.0
008 - FIXED-LENGTH DATA ELEMENTS--GENERAL INFORMATION
fixed length control field 851118s1985 cau 000 0 eng
010 ## - LIBRARY OF CONGRESS CONTROL NUMBER
LC control number 85230166
040 ## - CATALOGING SOURCE
Original cataloging agency DLC
Transcribing agency DLC
Modifying agency DLC
050 00 - LIBRARY OF CONGRESS CALL NUMBER
Classification number BV 652.1
Item number .M216 1985
082 00 - DEWEY DECIMAL CLASSIFICATION NUMBER
Classification number TR 253.19
Item number M28 1985
100 1# - MAIN ENTRY--PERSONAL NAME
Personal name Mahoney, Ralph.
245 14 - TITLE STATEMENT
Title The making of a leader /
Statement of responsibility, etc [by Ralph Mahoney].
260 ## - PUBLICATION, DISTRIBUTION, ETC. (IMPRINT)
Place of publication, distribution, etc Burbank, CA :
Name of publisher, distributor, etc World Missionary Assistance Plan,
Date of publication, distribution, etc c1985.
300 ## - PHYSICAL DESCRIPTION
Extent 218 p. ;
Dimensions 21 cm.
520 ## - SUMMARY, ETC.
Summary, etc 1. Christian leadership.
521 ## - TARGET AUDIENCE NOTE
Target audience note
541 ## - IMMEDIATE SOURCE OF ACQUISITION NOTE
-- 1
562 ## - COPY AND VERSION IDENTIFICATION NOTE
Number of copies For circulation. 1 copy in the collection
600 10 - SUBJECT ADDED ENTRY--PERSONAL NAME
Personal name Mahoney, Ralph.
650 #0 - SUBJECT ADDED ENTRY--TOPICAL TERM
Topical term or geographic name as entry element Christian leadership.
906 ## - LOCAL DATA ELEMENT F, LDF (RLIN)
a 7
b cbc
c orignew
d 3
e ncip
f 19
g y-gencatlg
942 ## - ADDED ENTRY ELEMENTS (KOHA)
Source of classification or shelving scheme Library of Congress Classification
Koha item type
Call number prefix
Holdings
Withdrawn status Lost status Source of classification or shelving scheme Damaged status Home library Current library Shelving location Date acquired Total Checkouts Full call number Barcode Date last seen Copy number Price effective from Koha item type
    Library of Congress Classification   Luxembourg Library Luxembourg Library Teachers Reference Section 03/14/2012   BV 652.1 .M216 1985 15685 08/13/2013 1 10/03/2013 Books

The making of a leader /

APA

Mahoney R., . (1985). The making of a leader. Burbank, CA: World Missionary Assistance Plan.

Chicago

Mahoney Ralph, . 1985. The making of a leader. Burbank, CA: World Missionary Assistance Plan.

Harvard

Mahoney R., . (1985). The making of a leader. Burbank, CA: World Missionary Assistance Plan.

MLA

Mahoney Ralph, . The making of a leader. Burbank, CA: World Missionary Assistance Plan. 1985.

  • Place hold
  • Print
  • Cite
  • Add to your cart (remove)
  • Save record
    BIBTEX Dublin Core MARCXML MARC (non-Unicode/MARC-8) MARC (Unicode/UTF-8) MARC (Unicode/UTF-8, Standard) MODS (XML) RIS
  • More searches
    Search for this title in:
    Other Libraries (WorldCat) Other Databases (Google Scholar) Online Stores (Bookfinder.com) Open Library (openlibrary.org)

Exporting to Dublin Core...

SOUTHVILLE LIBRARY

Southville International School and Colleges Library

1281 Tropical Ave. Cor. Luxembourg St., BF Homes International, Las Pinas City

Tel. No. 8256374 / 252358 Loc. 117/146

Powered by Koha